[Event "CHN-chT (Women)"]
[Site "Qingdao"]
[Date "2024.04.06"]
[Round "5.3"]
[White "Zhao, Yunqing"]
[Black "Sun, Fanghui"]
[Result "1/2-1/2"]
[WhiteElo "1965"]
[BlackElo "2124"]
[PlyCount "126"]
[EventDate "2024.04.02"]
[EventType "team-swiss"]
[EventRounds "9"]
[EventCountry "CHN"]
[SourceTitle "CB16_2024"]
[SourceDate "2024.04.17"]
[SourceVersion "1"]
[SourceVersionDate "2024.04.17"]
[SourceQuality "1"]
[WhiteTeam "Hebei (W)"]
[BlackTeam "Chongqing (W)"]
[WhiteTeamCountry "CHN"]
[BlackTeamCountry "CHN"]

1. d4 d5 2. Nf3 Nf6 3. g3 g6 4. Bg2 c6 5. 0-0 Bg7 6. c4 dxc4 7. Qc2 b5 8. e4 0-0 9. Rd1 Qb6 10. h3 Na6 11. a3 e6 12. Be3 Bb7 13. Nbd2 c5 14. dxc5 Qa5 15. b4 cxb3 16. Nxb3 Qa4 17. Rd4 Bxe4 18. Qd1 b4 19. axb4 Qc6 20. Rd6 Qb7 21. Rdxa6 Nd5 22. c6 Qc8 23. Bc5 Rd8 24. Nfd2 Bxg2 25. Kxg2 Bxa1 26. Qxa1 Rb8 27. Ne4 e5 28. Nd6 Qe6 29. Nb7 Rdc8 30. Bd6 Ne3+ 31. fxe3 Qd5+ 32. Kh2 Rxb7 33. Qa2 Rxc6 34. Rxc6 Qxc6 35. Na5 Qa6 36. Qc2 Rd7 37. Bxe5 f6 38. Bd4 Kg7 39. h4 Qb5 40. Qc4 Qf5 41. Qc6 Rd5 42. Qc7+ Kg8 43. Qb8+ Kg7 44. Qc7+ Kg8 45. Qc4 Qf2+ 46. Kh3 Qf5+ 47. Kg2 Qe4+ 48. Kf2 Qf5+ 49. Ke2 Kg7 50. Qc7+ Rd7 51. Qc6 Re7 52. Qc5 Qe4 53. Nc6 Qg2+ 54. Kd3 Qf1+ 55. Kc2 Rc7 56. b5 a6 57. Qd6 Qe2+ 58. Kc3 Qe1+ 59. Kd3 Qf1+ 60. Kc3 Qe1+ 61. Kb3 Qd1+ 62. Kb2 Qd2+ 63. Ka3 Qd3+ 1/2-1/2

[Event "CHN-chT (Women)"]
[Site "Qingdao"]
[Date "2024.04.02"]
[Round "1.3"]
[White "Zhang, Xinyue1"]
[Black "Sun, Fanghui"]
[Result "0-1"]
[WhiteElo "1542"]
[BlackElo "2124"]
[PlyCount "110"]
[EventDate "2024.04.02"]
[EventType "team-swiss"]
[EventRounds "9"]
[EventCountry "CHN"]
[SourceTitle "CB16_2024"]
[SourceDate "2024.04.17"]
[SourceVersion "1"]
[SourceVersionDate "2024.04.17"]
[SourceQuality "1"]
[WhiteTeam "Zhejiang (W)"]
[BlackTeam "Chongqing (W)"]
[WhiteTeamCountry "CHN"]
[BlackTeamCountry "CHN"]

1. d4 Nf6 2. Nf3 g6 3. Bf4 Bg7 4. e3 d6 5. Bd3 0-0 6. h3 Nbd7 7. Nbd2 Re8 8. Bh2 e5 9. dxe5 dxe5 10. e4 Nh5 11. 0-0 Nf4 12. Nc4 Qf6 13. Qd2 Nxh3+ 14. Kh1 Nf4 15. Ncxe5 Nxe5 16. Nxe5 Rxe5 17. Bxf4 Rh5+ 18. Kg1 Qh4 19. f3 Bxb2 20. Rab1 Bd4+ 21. Be3 Qf4 22. Kf2 Rh2 23. Rg1 b6 24. Ke2 Qxe3+ 25. Qxe3 Bxe3 26. Kxe3 Be6 27. a3 Rh5 28. Rbd1 Ra5 29. Ra1 Rd8 30. Rgc1 h5 31. g3 Kg7 32. f4 Rd6 33. Rcb1 Rc6 34. Kd2 f6 35. Rb4 Rd6 36. Ke3 c5 37. Rbb1 Ra4 38. c3 c4 39. Be2 Bg4 40. Bf1 Ra5 41. Rb4 Be6 42. Bxc4 Rc5 43. Bxe6 Rxc3+ 44. Kf2 Rxe6 45. Rd4 Re7 46. a4 g5 47. fxg5 fxg5 48. Rh1 Rf7+ 49. Kg2 Rc2+ 50. Kh3 Kg6 51. Rd6+ Rf6 52. e5 Rxd6 53. exd6 Rd2 54. Re1 g4+ 55. Kh4 Rh2# 0-1

[Event "Belgrade Serbia op"]
[Site "Belgrade"]
[Date "2023.07.21"]
[Round "6"]
[White "Sun, Fanghui"]
[Black "Jevtic, Miroljub L"]
[Result "1-0"]
[WhiteElo "2228"]
[BlackElo "1963"]
[PlyCount "38"]
[EventDate "2023.07.16"]
[EventType "swiss"]
[EventRounds "9"]
[EventCountry "SRB"]
[SourceTitle "CBM 215 Extra"]
[Source "ChessBase"]
[SourceDate "2023.09.30"]
[SourceVersion "1"]
[SourceVersionDate "2023.09.30"]
[SourceQuality "1"]

1. e4 e5 2. Nf3 Nc6 3. Bb5 Nf6 4. 0-0 Bc5 5. Nxe5 Nxe5 6. d4 a6 7. Be2 Nxe4 8. dxc5 Nxc5 9. b4 Ne6 10. f4 Nc6 11. f5 Qf6 12. fxe6 Qxa1 13. exf7+ Kf8 14. Be3 Qe5 15. Qd2 d6 16. a4 b5 17. Bf3 Bd7 18. Bf4 Qf6 19. Bg5 Qe5 1-0

[Event "Belgrade Serbia op"]
[Site "Belgrade"]
[Date "2023.07.19"]
[Round "4"]
[White "Sun, Fanghui"]
[Black "Yalcinkaya, Efe"]
[Result "0-1"]
[WhiteElo "2228"]
[BlackElo "1907"]
[PlyCount "92"]
[EventDate "2023.07.16"]
[EventType "swiss"]
[EventRounds "9"]
[EventCountry "SRB"]
[SourceTitle "CBM 215 Extra"]
[Source "ChessBase"]
[SourceDate "2023.09.30"]
[SourceVersion "1"]
[SourceVersionDate "2023.09.30"]
[SourceQuality "1"]

1. e4 c5 2. Nf3 d6 3. d4 cxd4 4. Nxd4 Nf6 5. Nc3 g6 6. Be3 a6 7. f3 h5 8. Qd2 e5 9. Nb3 Be6 10. 0-0-0 Nbd7 11. Bg5 Rc8 12. Kb1 b5 13. Qe1 Qc7 14. Bd3 Be7 15. h3 Kf8 16. g3 b4 17. Nd5 Nxd5 18. exd5 Bxd5 19. Bxe7+ Kxe7 20. Rf1 a5 21. Nc1 Be6 22. g4 hxg4 23. hxg4 Nc5 24. Qd2 a4 25. Rh1 f6 26. Bxg6 b3 27. cxb3 axb3 28. a3 Nd7 29. Ne2 Nb6 30. Bd3 d5 31. Nc3 Nc4 32. Bxc4 Qxc4 33. g5 d4 34. Rxh8 Bf5+ 35. Ka1 Rxh8 36. gxf6+ Kf7 37. Qg5 Bg6 38. Qxe5 Re8 39. Qxd4 Qxd4 40. Rxd4 Bc2 41. Ne4 Rh8 42. Rd7+ Ke8 43. Re7+ Kf8 44. Ng3 Rh3 45. Nf1 Rh1 46. Re1 Kf7 0-1

[Event "Paracin op 16th"]
[Site "Paracin"]
[Date "2023.07.10"]
[Round "4"]
[White "Vujovic, Vera"]
[Black "Sun, Fanghui"]
[Result "1-0"]
[WhiteElo "2054"]
[BlackElo "2228"]
[PlyCount "137"]
[EventDate "2023.07.07"]
[EventType "swiss"]
[EventRounds "9"]
[EventCountry "SRB"]
[SourceTitle "EXT 2024"]
[Source "ChessBase"]
[SourceDate "2023.10.10"]
[SourceVersion "1"]
[SourceVersionDate "2023.10.10"]
[SourceQuality "1"]

1. e4 c5 2. Nf3 d6 3. d4 cxd4 4. Nxd4 Nf6 5. Nc3 a6 6. Be3 e5 7. Nf3 Be7 8. Bc4 Qc7 9. Bb3 Be6 10. 0-0 0-0 11. Nh4 g6 12. Bh6 Re8 13. Nf3 Nbd7 14. Ng5 Bc4 15. Qf3 Bf8 16. Qh3 b5 17. f4 Bg7 18. f5 Bh8 19. fxg6 fxg6 20. Rad1 Nb6 21. Rd2 b4 22. Nd1 Nh5 23. Rdf2 Nf4 24. Qf3 Bf6 25. Nh3 Bg7 26. Bxf4 exf4 27. Nxf4 Bxb3 28. cxb3 Bd4 29. Ne3 Qe7 30. Ne2 Bc5 31. Ng3 d5 32. Kh1 dxe4 33. Qe2 Qg5 34. Rf4 Rf8 35. Nxe4 Qe5 36. Ng4 Qe7 37. Rxf8+ Rxf8 38. Rxf8+ Qxf8 39. Nef6+ Kg7 40. Ne8+ Kf7 41. Ne5+ Kg8 42. Nd3 Be7 43. Nc7 a5 44. h3 Bd6 45. Nb5 Bg3 46. Nd4 Nd5 47. Nf3 Nf6 48. Ng5 h6 49. Nf3 Nh5 50. Nde5 Qf5 51. Qc4+ Kh8 52. Nd3 Bb8 53. Qd4+ Kh7 54. Kg1 Ng3 55. Qe3 Qf7 56. Nf2 Ba7 57. Qe5 Nf5 58. Qxa5 Ne3 59. Kh1 Nf1 60. Ne4 Qe7 61. Qd5 Qxe4 62. Qd7+ Kg8 63. Qxa7 Ng3+ 64. Kh2 Qf4 65. Qa8+ Kg7 66. Qb7+ Kh8 67. Qc8+ Kh7 68. Qd7+ Kh8 69. Qd4+ 1-0

[Event "CHN-chT DivA"]
[Site "Fuling"]
[Date "2023.06.07"]
[Round "3.1"]
[White "Sun, Fanghui"]
[Black "Chu, Ruotong"]
[Result "1/2-1/2"]
[WhiteElo "2223"]
[BlackElo "2166"]
[PlyCount "87"]
[EventDate "2023.06.05"]
[EventType "team-tourn"]
[EventRounds "11"]
[EventCountry "CHN"]
[SourceTitle "CBM 214 Extra"]
[Source "ChessBase"]
[SourceDate "2023.07.31"]
[SourceVersion "1"]
[SourceVersionDate "2023.07.31"]
[SourceQuality "1"]
[WhiteTeam "Chongqing Jiulongpo"]
[BlackTeam "Chengdu"]
[WhiteTeamCountry "CHN"]
[BlackTeamCountry "CHN"]

1. e4 e5 2. Nf3 Nf6 3. Nxe5 d6 4. Nf3 Nxe4 5. Nc3 Nf6 6. d4 Be7 7. Bd3 0-0 8. h3 Re8 9. 0-0 b6 10. Bf4 Bb7 11. d5 Nbd7 12. Re1 a6 13. a4 Nf8 14. Bc4 Ng6 15. Bh2 Nd7 16. Qd2 Bf6 17. Nd4 Be5 18. f4 Bxd4+ 19. Qxd4 Qf6 20. Qxf6 Nxf6 21. Kf2 Kf8 22. g4 Rxe1 23. Rxe1 Re8 24. Rxe8+ Kxe8 25. g5 Nd7 26. b4 f6 27. Ke3 Ne7 28. Bd3 g6 29. Kd4 Kf7 30. Be4 Ke8 31. h4 Kf7 32. Bg1 Nb8 33. Ne2 Bc8 34. c4 Bd7 35. a5 bxa5 36. bxa5 c5+ 37. Kc3 Bg4 38. Nc1 Nd7 39. Nd3 Bf5 40. Bf3 Bxd3 41. Kxd3 Nf5 42. Bf2 Ng7 43. Bd1 f5 44. Be1 1/2-1/2

[Event "China zt 3.5 (Women)"]
[Site "Shenzhen"]
[Date "2023.04.07"]
[Round "3"]
[White "Zhai, Mo"]
[Black "Sun, Fanghui"]
[Result "1/2-1/2"]
[WhiteElo "2362"]
[BlackElo "2196"]
[PlyCount "53"]
[EventDate "2023.04.05"]
[EventType "swiss"]
[EventRounds "9"]
[EventCountry "CHN"]
[SourceTitle "CBM 213 Extra"]
[Source "ChessBase"]
[SourceDate "2023.05.31"]
[SourceVersion "1"]
[SourceVersionDate "2023.05.31"]
[SourceQuality "1"]

1. d4 Nf6 2. c4 g6 3. Nc3 d5 4. cxd5 Nxd5 5. Bd2 Bg7 6. e4 Nxc3 7. Bxc3 c5 8. d5 Bxc3+ 9. bxc3 Qd6 10. Qd2 0-0 11. Nf3 Bg4 12. Be2 Bxf3 13. Bxf3 e6 14. 0-0 exd5 15. exd5 Nd7 16. Rab1 b6 17. Be2 Nf6 18. c4 Rfe8 19. Rb3 Ne4 20. Qc2 Qf4 21. Re3 Nd6 22. Rf3 Qg5 23. Bd3 Re7 24. Rg3 Qf4 25. Rf3 Qg5 26. Rg3 Qf4 27. Rf3 1/2-1/2

[Event "China zt 3.5 (Women)"]
[Site "Shenzhen"]
[Date "2023.04.05"]
[Round "1"]
[White "Sun, Fanghui"]
[Black "Guo, Weibao"]
[Result "1-0"]
[WhiteElo "2196"]
[BlackElo "1891"]
[PlyCount "89"]
[EventDate "2023.04.05"]
[EventType "swiss"]
[EventRounds "9"]
[EventCountry "CHN"]
[SourceTitle "CBM 213 Extra"]
[Source "ChessBase"]
[SourceDate "2023.05.31"]
[SourceVersion "1"]
[SourceVersionDate "2023.05.31"]
[SourceQuality "1"]

1. e4 e6 2. d4 d5 3. Nc3 dxe4 4. Nxe4 Nd7 5. Nf3 Ngf6 6. Nxf6+ Nxf6 7. Bd3 b6 8. Qe2 Bb7 9. Bg5 Be7 10. 0-0-0 Nd5 11. Bd2 a6 12. Be4 Qc8 13. Ne5 Nf6 14. Bd3 c5 15. dxc5 Qxc5 16. Rhe1 0-0 17. g4 Qd5 18. Kb1 Kh8 19. g5 Ng8 20. Bc3 Bxg5 21. Bxh7 Qg2 22. Rg1 Qxh2 23. Bxg8 Kxg8 24. Rxg5 f6 25. Rh5 Qg2 26. Ng4 Bf3 27. Qxe6+ Rf7 28. Rdh1 Qxh1+ 29. Rxh1 Bxh1 30. Bxf6 Raa7 31. Ne5 gxf6 32. Nxf7 Rxf7 33. Qxb6 Bb7 34. c4 Kg7 35. c5 Bc8 36. c6 Rf8 37. b4 Re8 38. Kb2 Kg6 39. Kc3 Re2 40. a4 Ra2 41. Qd8 Be6 42. c7 Ra1 43. Qe8+ Bf7 44. Qe4+ Kg7 45. c8Q 1-0

[Event "Shenzhen op (Women)"]
[Site "Shenzhen"]
[Date "2023.03.30"]
[Round "1.2"]
[White "Huang, Qian"]
[Black "Sun, Fanghui"]
[Result "1/2-1/2"]
[WhiteElo "2431"]
[BlackElo "2196"]
[PlyCount "89"]
[EventDate "2023.03.30"]
[EventType "k.o. (rapid)"]
[EventRounds "4"]
[EventCountry "CHN"]
[SourceTitle "CBM 213 Extra"]
[Source "ChessBase"]
[SourceDate "2023.05.31"]
[SourceVersion "1"]
[SourceVersionDate "2023.05.31"]
[SourceQuality "1"]

1. Nf3 Nf6 2. g3 g6 3. Bg2 Bg7 4. 0-0 0-0 5. d3 d5 6. Nbd2 c5 7. e4 Nc6 8. Re1 Bg4 9. h3 Bxf3 10. Bxf3 dxe4 11. dxe4 Qd7 12. Bg2 Rad8 13. e5 Ne8 14. Qf3 Bxe5 15. Ne4 Nd4 16. Qd1 Qc7 17. c3 Ne6 18. Qe2 Bg7 19. h4 Nd6 20. h5 Nxe4 21. Qxe4 b6 22. Bh3 Rd6 23. Qc4 Qc6 24. Bxe6 Rxe6 25. Rxe6 Qxe6 26. Qxe6 fxe6 27. hxg6 hxg6 28. Be3 Rd8 29. a4 Rd5 30. a5 Be5 31. axb6 axb6 32. Kf1 Kf7 33. Ke2 c4 34. Ra2 b5 35. Ra7 b4 36. Ra4 bxc3 37. bxc3 Bxc3 38. Rxc4 Bf6 39. Kf3 Rb5 40. Ra4 Rb3 41. Ke4 Bc3 42. Rc4 Rb4 43. Rxb4 Bxb4 44. g4 Bd6 45. f3 1/2-1/2

[Event "CHN-chT Div A"]
[Site "Liaocheng"]
[Date "2023.02.11"]
[Round "6.1"]
[White "Liu, Manli"]
[Black "Sun, Fanghui"]
[Result "1/2-1/2"]
[WhiteElo "2192"]
[BlackElo "2195"]
[PlyCount "63"]
[EventDate "2023.02.06"]
[EventType "team-tourn"]
[EventRounds "6"]
[EventCountry "CHN"]
[SourceTitle "CBM 212 Extra"]
[Source "ChessBase"]
[SourceDate "2023.03.31"]
[SourceVersion "1"]
[SourceVersionDate "2023.03.31"]
[SourceQuality "1"]
[WhiteTeam "Shandong"]
[BlackTeam "Qingdao Qingwei"]
[WhiteTeamCountry "CHN"]
[BlackTeamCountry "CHN"]

1. e4 c5 2. Nf3 d6 3. d4 cxd4 4. Qxd4 Nf6 5. Be2 Nc6 6. Qe3 g6 7. 0-0 Bg7 8. Nc3 0-0 9. Rd1 Nb4 10. Qd2 Bg4 11. h3 Bxf3 12. Bxf3 Rc8 13. a3 Nc6 14. Rb1 a6 15. b3 Nd7 16. Ne2 Nce5 17. Nd4 Nxf3+ 18. Nxf3 b5 19. Bb2 Bxb2 20. Rxb2 Qc7 21. Ra2 Qc3 22. Qe2 Ne5 23. Nxe5 dxe5 24. Rd3 Qc6 25. c3 Qe6 26. Qd1 Kg7 27. a4 Rc7 28. axb5 axb5 29. Qc2 Rfc8 30. Ra1 Qb6 31. Qb2 Rc5 32. Rc1 1/2-1/2

[Event "CHN-chT Div-A"]
[Site "Fuling"]
[Date "2022.09.07"]
[Round "2.3"]
[White "Sun, Fanghui"]
[Black "Chen, Yining"]
[Result "1-0"]
[WhiteElo "2182"]
[BlackElo "1745"]
[PlyCount "93"]
[EventDate "2022.09.06"]
[EventType "team-tourn"]
[EventRounds "11"]
[EventCountry "CHN"]
[SourceTitle "CBM 210 Extra"]
[Source "ChessBase"]
[SourceDate "2022.11.30"]
[SourceVersion "1"]
[SourceVersionDate "2022.11.30"]
[SourceQuality "1"]
[WhiteTeam "Qingdao"]
[BlackTeam "Hangzhou Zhenjiang"]
[WhiteTeamCountry "CHN"]
[BlackTeamCountry "CHN"]

1. e4 e5 2. Nf3 Nc6 3. Bb5 a6 4. Ba4 Nf6 5. 0-0 b5 6. Bb3 Bc5 7. c3 d6 8. d4 Bb6 9. Be3 Rb8 10. h3 0-0 11. dxe5 Nxe5 12. Nxe5 dxe5 13. Qe2 Qe7 14. Bg5 Be6 15. Nd2 c5 16. Bd5 c4 17. b3 cxb3 18. axb3 a5 19. c4 h6 20. Be3 Qa7 21. Nf3 bxc4 22. bxc4 Bxe3 23. Qxe3 Qc7 24. Rfc1 Rfc8 25. Qa3 Rb4 26. Nd2 Bxd5 27. exd5 Nd7 28. Qxa5 Qxa5 29. Rxa5 Nc5 30. Rb5 Ra4 31. Rcb1 Ra2 32. Rb8 Rxb8 33. Rxb8+ Kh7 34. Rc8 Rxd2 35. Rxc5 Rd1+ 36. Kh2 Kg6 37. Rc6+ Kf5 38. d6 Ke6 39. c5 Rd2 40. f3 Rd5 41. Rc7 f5 42. h4 g6 43. Kg1 f4 44. Kf2 Rd4 45. Re7+ Kf6 46. Re8 Rd2+ 47. Ke1 1-0

[Event "CHN-chT Div-A"]
[Site "Fuling"]
[Date "2022.09.06"]
[Round "1.5"]
[White "Zhang, Xiaowen"]
[Black "Sun, Fanghui"]
[Result "1/2-1/2"]
[WhiteElo "2307"]
[BlackElo "2182"]
[PlyCount "85"]
[EventDate "2022.09.06"]
[EventType "team-tourn"]
[EventRounds "11"]
[EventCountry "CHN"]
[SourceTitle "CBM 210 Extra"]
[Source "ChessBase"]
[SourceDate "2022.11.30"]
[SourceVersion "1"]
[SourceVersionDate "2022.11.30"]
[SourceQuality "1"]
[WhiteTeam "Chongqing Jiulongpo"]
[BlackTeam "Qingdao"]
[WhiteTeamCountry "CHN"]
[BlackTeamCountry "CHN"]

1. e4 c5 2. Nf3 d6 3. d4 cxd4 4. Nxd4 Nf6 5. Nc3 a6 6. g3 e5 7. Nb3 Be7 8. Bg2 0-0 9. 0-0 Nc6 10. a4 Nb4 11. a5 Be6 12. Re1 b5 13. axb6 Bxb3 14. cxb3 Qxb6 15. Bf1 h6 16. Bc4 Bd8 17. Be3 Qb7 18. Ra4 Bc7 19. Qf3 d5 20. exd5 Nc2 21. Rd1 Bb6 22. Ne4 Nh7 23. d6 Qb8 24. Bd5 Nxe3 25. fxe3 Ra7 26. Kg2 Kh8 27. g4 g6 28. Qg3 Qe8 29. g5 f5 30. gxf6 Nxf6 31. Nxf6 Rxf6 32. Be4 Qb5 33. Rc4 Raf7 34. Rd3 Qa5 35. Rd1 Qb5 36. Rd3 Qa5 37. Rd1 Qb5 38. Bxg6 Rf8 39. Kh1 Rg8 40. Rg4 Rf1+ 41. Rxf1 Qxf1+ 42. Qg1 Qf3+ 43. Qg2 1/2-1/2

[Event "Hersonissos Online op"]
[Site "Chess.com INT"]
[Date "2020.06.08"]
[Round "4"]
[White "Sun, Fanghui"]
[Black "Aggarwal, Vansh"]
[Result "1/2-1/2"]
[WhiteElo "2182"]
[BlackElo "1922"]
[PlyCount "74"]
[EventDate "2020.06.05"]
[EventType "swiss"]
[EventRounds "9"]
[EventCountry "GRE"]
[SourceTitle "EXT 2021"]
[Source "ChessBase"]
[SourceDate "2020.10.23"]
[SourceVersion "1"]
[SourceVersionDate "2020.10.23"]
[SourceQuality "1"]

1. e4 e5 2. Nf3 Nc6 3. Bb5 a6 4. Ba4 Nf6 5. 0-0 Be7 6. Re1 b5 7. Bb3 d6 8. c3 0-0 9. h3 Na5 10. Bc2 c5 11. d4 Qc7 12. Nbd2 cxd4 13. cxd4 Nc6 14. Nb3 a5 15. Be3 Rd8 16. Rc1 Bd7 17. Qe2 Qb7 18. dxe5 dxe5 19. Bc5 Bxc5 20. Nxc5 Qb6 21. Bd3 b4 22. b3 Rac8 23. Na4 Qb8 24. Rc5 Qd6 25. Rec1 Nd4 26. Nxd4 Qxd4 27. Rxc8 Rxc8 28. Rxc8+ Bxc8 29. Qc2 Bd7 30. Nb2 Be6 31. Na4 h6 32. Nc5 Bd7 33. Nxd7 Qxd7 34. Ba6 Qd4 35. Qc8+ Kh7 36. Qf5+ Kg8 37. Qc8+ Kh7 1/2-1/2